000 00366cam a22001337a 4500
008 180718b2009 xxu||||| |||| 00| 0 eng d
020 _a9788183293181
082 _aT39 D44
245 _aWTO: trade and development
_cedited by P.C. Deogharia
260 _aNew Delhi
_bShree
_c2009
300 _a383p.
650 _aWorld trade Organization
700 _aDeogharia, P.C.
999 _c415890
_d415890